Statistiques concernant Mots de la langue française terminés par "gerie"

Cliquez ici pour prendre le quiz!

Statistiques générales

  • Ce quiz a été pris 192 fois
  • Le résultat moyen est 9 sur 15

Statistiques - réponses

IndiceMot% Correct
pays d'AfriqueAlgérie
95%
sous-vêtements et vêtements de nuit fémininslingerie
92%
inspiratriceégérie
90%
bâtiment réservé à l'élevage des ovinsbergerie
89%
industrie de tout ce qui concerne les objets de mesure du tempshorlogerie
76%
zooménagerie
64%
crémeriefromagerie
58%
grimacesingerie
56%
haut lieu de détention pendant la Révolution françaiseconciergerie
55%
représentationimagerie
51%
serreorangerie
39%
rêveriesongerie
39%
orange ou freemessagerie
32%
fabrique agro-alimentaireboulangerie
30%
cruautésauvagerie
26%

Distribution des résultats

Percentile par nombre de réponses

% des personnes avec chaque résultat

Votre développement - résultats

Vous n’avez pas pris ce quiz